| 000 | 00495nam a22001817a 4500 | ||
|---|---|---|---|
| 003 | CEME | ||
| 005 | 20210628205612.0 | ||
| 008 | 210308b xxu||||| |||| 00| 0 eng d | ||
| 020 | _a81-7224-441-X | ||
| 040 | _c. | ||
| 082 | _a620.1923 COG | ||
| 100 |
_aCogswell, F.N _976214 |
||
| 245 | _aThermoplastic aromatic polymer composites | ||
| 260 |
_aBOMBAY _bJAICO PUBLISHING _c1995 |
||
| 300 | _aVIII,277P | ||
| 650 |
_aPOLYMER COMPOSITES AROMATIC POLYMER COMPOSITES _976215 |
||
| 942 |
_cBK _2ddc |
||
| 999 |
_c581617 _d581617 |
||